中国省级行政区(点击地图)Provinces in China(Click Map)) - Statistics

General Stats
  • This quiz has been taken 272 times
  • The average score is 27 of 34
Answers on the Map
Answers color-coded by a green-red scale on the quiz's map according to % correct below.
 
Answer Stats
Answer % Correct
北京市
93%
四川省
87%
浙江省
85%
陕西省
85%
上海市
85%
贵州省
83%
天津市
83%
宁夏回族自治区
83%
台湾省
83%
内蒙古自治区
83%
重庆市
81%
吉林省
81%
山西省
81%
广东省
81%
河北省
81%
山东省
81%
黑龙江省
81%
云南省
80%
新疆维吾尔自治区
80%
安徽省
79%
甘肃省
79%
江苏省
79%
广西壮族自治区
79%
海南省
79%
西藏自治区
79%
江西省
78%
青海省
78%
福建省
77%
湖南省
75%
湖北省
75%
香港特别行政区
75%
河南省
75%
辽宁省
75%
澳门特别行政区
64%
No matching quizzes found
Score Distribution
Percent of People with Each Score
Percentile by Number Answered
Your Score History
You have not taken this quiz